000 00624nam a22001457a 4500
008 140819b xxu||||| |||| 00| 0 eng d
020 _a040609233
050 _aKD276.3.L39(1893 vol.3)
245 _aThe Law Reports (1893 vol.3) Chancery division:of the incorporated council of law reporting, supreme court of judicature cases determined in the chancery division and in lunacy and on appeal therefrom in the court of appeal. /
_cedited by Hemming, G.W.
260 _aLondon:
_bButterworth & Co Ltd,
_c1893.
300 _axi,548p.:
_c24cm.
440 _pchancery division.
_vvol.3.
800 _aHemming G.W.
942 _2lcc
_cBK
999 _c3498
_d10998